000 01233nam a22002417a 4500
010 _aA-960601
020 _c100.00
035 _aA-960601
037 _aCen Lib / Ret
040 _aDPL
_bEN
082 _a372.35044
_bस्टोलब
100 _aस्टोलबर्ग
_9134505
245 _aचट्टान, मिट्टी और खनिज
_bस्टोलबर्ग ; संपादन नवीन मेहरा [एंड] डी. एन. खोसला
_cसामान्य विज्ञान शिक्षण अदध्यापको के लिए प्रयोग-पुस्तक /
246 _aChattan, Mitti or khanij : general science practicl guide /
_bby Stolburg ; Naveen Mehra; D. N. Khosla
260 _aदिल्ली
_bजनवाणी प्रकाशन
_c1999
270 _a30/22ए, गली नं. 9, विस्वास नगर
_bदिल्ली
_e110032
300 _a103p ;
_b24cm(Hb)
650 _aEducation
_91169
650 _aGeneral Science
_942175
700 _aमेहरा, नवीन
_9134506
700 _aडी. एन. खोसला
_983470
942 _2ddc
_cHN
_h372.35044
_mस्टोलब
999 _c122037
_d122037